The public child-welfare program in the District of Columbia, (Record no. 36233)

MARC details
000 -LEADER
fixed length control field 01002cam a22002531 4500
001 - CONTROL NUMBER
control field l 37000111
003 - CONTROL NUMBER IDENTIFIER
control field DLC
005 - DATE AND TIME OF LATEST TRANSACTION
control field 20260227111536.0
008 - FIXED-LENGTH DATA ELEMENTS--GENERAL INFORMATION
fixed length control field 921102s1937 dcu f000 0 eng c
010 ## - LIBRARY OF CONGRESS CONTROL NUMBER
LC control number l 37000111
035 ## - SYSTEM CONTROL NUMBER
System control number (OCoLC)26899538
040 ## - CATALOGING SOURCE
Original cataloging agency U.S. Dept. of Labor. Library
Transcribing agency CLU
Modifying agency DLC
050 00 - LIBRARY OF CONGRESS CALL NUMBER
Classification number HV742.D6
Item number L8
100 1# - MAIN ENTRY--PERSONAL NAME
Personal name Lundberg, Emma Octavia.
245 14 - TITLE STATEMENT
Title The public child-welfare program in the District of Columbia,
Statement of responsibility, etc. by Emma O. Lundberg ...
260 ## - PUBLICATION, DISTRIBUTION, ETC.
Place of publication, distribution, etc. Washington,
Name of publisher, distributor, etc. U.S. Govt. Print. Off.,
Date of publication, distribution, etc. 1937.
300 ## - PHYSICAL DESCRIPTION
Extent iii, 18 p.
Dimensions 23 cm.
490 1# - SERIES STATEMENT
Series statement U.S. Children's Bureau. Bureau publication,
Volume/sequential designation no. 240
500 ## - GENERAL NOTE
General note At head of title: United States Department of Labor. Frances Perkins, secretary. Children's Bureau--Katharine F. Lenroot, chief.
650 #0 - SUBJECT ADDED ENTRY--TOPICAL TERM
Topical term or geographic name entry element Child welfare
Geographic subdivision Washington (D.C.)
650 #0 - SUBJECT ADDED ENTRY--TOPICAL TERM
Topical term or geographic name entry element Charities
Geographic subdivision Washington (D.C.)
710 1# - ADDED ENTRY--CORPORATE NAME
Corporate name or jurisdiction name as entry element United States.
Subordinate unit Children's Bureau.
830 #0 - SERIES ADDED ENTRY--UNIFORM TITLE
Uniform title Bureau publication (United States. Children's Bureau) ;
Volume/sequential designation no. 240.

No items available.

Powered by Koha